| 000 | 00641nam a2200217Ii 4500 | ||
|---|---|---|---|
| 001 | 16903 | ||
| 003 | CO-ViMGA | ||
| 008 | 241108s9999||||xx |||||||||||||| ||und|| | ||
| 020 | _a9589674976 | ||
| 040 |
_aCO-ViMGA _bspa _erda _cCO-ViMGA |
||
| 041 | 0 | _aspa | |
| 082 | 0 | 4 | _aR 333.75 D31b |
| 100 | 1 |
_aJuan Manuel Díaz Merlano _949215 |
|
| 245 | 1 | 0 | _aBosque seco tropical Colombia |
| 264 | 1 | _aBogotá, Colombia : Banco de Occidente Credencial, 2006 | |
| 300 | _avolumen | ||
| 336 |
_atext _btxt _2rdacontent |
||
| 337 |
_aunmediated _bn _2rdamedia |
||
| 338 |
_avolume _bnc _2rdacarrier |
||
| 940 | _aidficha_siabuc: 16572. -- ficha_no_siabuc:16903 | ||
| 999 |
_c43858 _d43858 |
||